Noem de top 10 beste voetballandenteams in de wereld 2024 - Statistieken

Algemene statistieken
  • Deze quiz is 154 keer genomen
  • De gemiddelde score is 8 van 10
Antwoordstatistieken
Hint Antwoord % Correct
2 Frankrijk
97%
6 Nederland
96%
5 Brazilië
94%
1 Argentinië
93%
8 Spanje
93%
4 België
89%
7 Portugal
82%
3 Engeland
77%
9 Italië
76%
10 Kroatië
54%
Geen overeenkomende quizzen gevonden
Scoreverdeling
Procent van Mensen met Elke Score
Percentiel versus Aantal Correcte Antwoorden
Uw Scoregeschiedenis
U heeft deze quiz nog niet genomen